000 00934nac a22003017a 4500
001 BR0100103
003 BR-BrBNA
005 20240105122457.0
008 230509b bl.|||m| |||| 00| 0 por d
040 _aBR-BrBNA
_bpor
_cBiblioteca Nacional de Agricultura
072 _aF04; F06
090 _a1410 BR0100103
100 1 _aRangel, P.H.N.
100 1 _aZimmerman, F.J.P.
100 1 _aBastos, R.A.
110 1 _aEMBRAPA Arroz e Feijao, Santo Antonio de Goias, GO (Brasil)
245 1 _aEfeito agroeconomico da adubacao NPK de plantio do feijoeiro
260 3 _aSanto Antonio de Goias, GO (Brasil):
_c1999.
300 _a2 p.
490 _aPesquisa em Foco - EMBRAPA Arroz e Feijao (Brazil)
_vno. 32
_xISSN 1415-2304
650 _aFeijao
650 _aNPK
650 _aExploracao Agricola
650 _aIrrigacao
650 _aAdubacao
909 _a202312
_bLúcia Elande
_c55
_dLúcia Elande
942 _2AGRIS
_n0
_cMS
999 _c291236
_d291236